书目信息 |
| 题名: |
磁流体力学不稳定性
|
|
| 作者: | 贝特曼 , Bateman 著 ;徐复 译 | |
| 分册: | ||
| 出版信息: | 北京 原子能出版社 1982 |
|
| 页数: | 306页 | |
| 开本: | 19cm | |
| 丛书名: | ||
| 单 册: | ||
| 中图分类: | O361.3 | |
| 科图分类: | ||
| 主题词: | 磁流体力学-稳定性 , 稳定性-磁流体力学 | |
| 电子资源: | ||
| ISBN: | ||
| 000 | 00734nam0 2200265 45 | |
| 001 | 0182001421 | |
| 005 | 20061120141052.70 | |
| 010 | @dCNY1.20 | |
| 091 | @aCN@b15175.372 | |
| 100 | @a19950407d1982 emky0chiy0121 ea | |
| 101 | 1 | @achi@ceng |
| 102 | @aCN@b110000 | |
| 105 | @ay z 000yy | |
| 200 | 10 | @a磁流体力学不稳定性@Aci liu ti li xue bu wen ding xing@f(美)贝特曼(G. Bateman)著@g徐复译 |
| 210 | @a北京@c原子能出版社@d1982 | |
| 215 | @a306页@d19cm | |
| 606 | @a磁流体力学-稳定性 | |
| 606 | @a稳定性-磁流体力学 | |
| 690 | @aO361.3@v3 | |
| 701 | 1 | @a贝特曼@Abei te man@bG.@4著 |
| 701 | A1 | @aBateman@bG.@4著 |
| 702 | 0 | @a徐复@Axu fu@4译 |
| 801 | 2 | @aCN@bNLC@c20061120 |
| 801 | 0 | @aCN@bTSSF |
| 905 | @a10447@dO361.3@e2 | |
| 磁流体力学不稳定性/(美)贝特曼(G. Bateman)著/徐复译.-北京:原子能出版社,1982 |
| 306页;19cm |
| ISBN :CNY1.20 |
| ● |
| 相关链接 |
|
|
|
|
正题名:磁流体力学不稳定性
索取号:O361.3/2
 
预约/预借
| 序号 | 登录号 | 条形码 | 馆藏地/架位号 | 状态 | 备注 |
| 1 | 0063848 | 202095160 | 第二样本阅览室/ [索取号:O361.3/2] | 在馆 |